Statistics for Typical American Thai Restaurant Menu

Click here to take the quiz!

General Stats

  • This quiz has been taken 32 times
  • The average score is 7 of 16

Answer Stats

HintAnswer% Correct
NoodlePad Thai
85%
CurryGreen Curry
78%
CurryRed Curry
78%
CurryYellow Curry
67%
RiceChicken/Pork/Shrimp/Beef Fried Rice
63%
SoupTom Yum
63%
DessertMango Sticky Rice
41%
SoupTom Kha
41%
SaladLarb
37%
NoodlePad See Ew
33%
SaladSom Tam
33%
DrinkThai Iced Tea
30%
NoodlePad Kee Mao
19%
RicePineapple Fried Rice
11%
DessertFried Banana
4%
NoodleLad Na
4%

Score Distribution

Percentile by Number Answered

Percent of People with Each Score

Your Score History

You have not taken this quiz